Guess the Language # 2 - Statistics

General Stats
  • This quiz has been taken 33 times
  • The average score is 8 of 20
Answer Stats
Hint Answer % Correct
Bonjour French
100%
Guten morgen German
91%
Buongiorno Italian
88%
Chào buổi sáng Vietnamese
73%
Günaydın Turkish
61%
Დილა მშვიდობისა Georgian
48%
Selamat pagi Indonesian|Malay
45%
Te ata pai Maori
45%
Dobré ráno Czech
36%
Labas rytas Lithuanian
36%
Buna dimineata Romanian
33%
Goeie more Afrikaans
24%
Tere hommikust Estonian
24%
Nyob zoo sawv ntxov Hmong
24%
سهار مو پخیر Pashto
24%
Miremengjes Albanian
18%
Sawubona Zulu
18%
M'mawa wabwino Chichewa
15%
Barka da safiya Hausa
15%
A' ni sɔgɔma Bambara
12%
No matching quizzes found
Score Distribution
Percent of People with Each Score
Percentile by Number Answered
Your Score History
You have not taken this quiz